<?xml version="1.0" encoding="UTF-8"?>
<marc:record xmlns:marc="http://www.loc.gov/MARC21/slim">
   <marc:leader>00000nam a2200000 a 4500</marc:leader>
   <marc:datafield ind1="1" ind2=" " tag="100">
      <marc:subfield code="a">Carr, Patrick</marc:subfield>
      <marc:subfield code="4">aut</marc:subfield>
      <marc:subfield code="e">Verfasser/-in</marc:subfield>
   </marc:datafield>
   <marc:datafield ind1="0" ind2="0" tag="245">
      <marc:subfield code="a">Cash</marc:subfield>
   </marc:datafield>
   <marc:datafield ind1="0" ind2="0" tag="245">
      <marc:subfield code="b">Die Autobiografie von Johnny Cash.</marc:subfield>
   </marc:datafield>
   <marc:datafield ind1=" " ind2="1" tag="264">
      <marc:subfield code="b">Edel Books</marc:subfield>
      <marc:subfield code="c">2021</marc:subfield>
   </marc:datafield>
   <marc:datafield ind1="1" ind2=" " tag="520">
      <marc:subfield code="a">Von seiner Kindheit in Dyess, Arkansas, bis zu seinem Status als Superstar in Nashville - der Lebensweg des Johnny Cash war immer von Höhen und Tiefen durchzogen. In seiner Autobiografie berichtet er von Auftritten mit Größen wie Elvis Presley, vom Kamp gegen seine Tablettensucht und von seiner großen Liebe: June Carter.
Voller Dankbarkeit für das Leben und mit Gedanken, die sich schon dem Leben nach dem Tod zuwenden, würdigt Johnny Cash die vielen Gefährten und lebenslangen Freunde auf seiner Reise - darunter Bob Dylan, Roy Orbison, Willie Nelson und Kries Kristofferson.</marc:subfield>
   </marc:datafield>
   <marc:datafield ind1=" " ind2=" " tag="020">
      <marc:subfield code="a">9783841907592</marc:subfield>
      <marc:subfield code="9">9783841907592</marc:subfield>
   </marc:datafield>
</marc:record>
